Library Banner

Bayesian parametric inference (Record no. 39078)

MARC details
000 -LEADER
fixed length control field 00435nam a2200169Ia 4500
001 - CONTROL NUMBER
control field 39774
008 - FIXED-LENGTH DATA ELEMENTS--GENERAL INFORMATION
fixed length control field 140423s9999 xx 000 0 und d
020 ## - INTERNATIONAL STANDARD BOOK NUMBER
International Standard Book Number 9788173198007
040 ## - CATALOGING SOURCE
Transcribing agency PK-LaUMT
082 ## - DEWEY DECIMAL CLASSIFICATION NUMBER
Classification number 519.542
Item number BAN-B
100 ## - MAIN ENTRY--PERSONAL NAME
Personal name Bandsal, Ashok K.
245 ## - TITLE STATEMENT
Title Bayesian parametric inference
Statement of responsibility, etc Bandsal, Ashok K.
260 ## - PUBLICATION, DISTRIBUTION, ETC. (IMPRINT)
Place of publication, distribution, etc New Delhi,India:
Name of publisher, distributor, etc Narosa Publishing House,
Date of publication, distribution, etc 2007
300 ## - PHYSICAL DESCRIPTION
Extent VAR
546 ## - LANGUAGE NOTE
Language note EN
942 ## - ADDED ENTRY ELEMENTS (KOHA)
Koha item type Books
Holdings
Withdrawn status Lost status Damaged status Not for loan Home library Current library Date acquired Total Checkouts Total Renewals Full call number Barcode Date last seen Date checked out Price effective from Koha item type
        UMT Main Campus UMT Main Campus 2014-04-23 3 1 519.542 BAN-B 42224 2019-05-14 2019-04-12 2014-05-05 Books